000 00930nam a2200217 i 4500
001 37068
003 ES-MaACL
005 20231227175039.0
007 t|
008 030220s1957 sp f |||| | spa d
100 1 _aBruhn, Wolfgang.
_932114
245 1 0 _aHistoria del traje en imágenes
_b: enciclopedia del vestido de todos los tiempos y pueblos... /
_ccon un prólogo del Marqués de Lozoya ; [documentos reunidos y dibujados por Max Tilke ; textos explicativos de Wolfgang Bruhn ; traducción de Juan Subías Gualter].
260 _aBarcelona :
_bGustavo Gili,
_c1957 (
_fS.A.D.A.G.)
300 _a94 p., 104 lám. ;
_c34 cm.
650 4 _aTraje-
_xHistoria.
_9136943
700 1 _aLozoya, Juan de Contreras y López de Ayala,
_cMarqués de,
_d1893-1978
_9129112
700 1 _aTilke, Max.
_9110258
700 1 _aSubías Galter, Juan (
_d1897-1984)
_9108683
852 _aES-MaACL
_jC-12838
999 _c37068
_d37068